000 00524nam a22001817a 4500
999 _c195332
_d195332
005 20230320105127.0
010 _aENG-136467
020 _a9789389658750
_c120.00
035 _aEN-119999
037 _bDBAD/PUB
082 _a338
100 _aNageswari, R.
245 _aHealth economics/
_cR.Nagewari
260 _aTamil Nadu
_bShanlax Publications
_c2020
270 _a61,66 T.P.K. Main Road, Vasantha Nagar, Madurai
_bTamil Nadu
_e625003
300 _a91p.
_c22cm(pbk)
942 _2ddc
_cEN
_h338
_mNAG